000 00346nam a2200157Ia 4500
005 20250425161028.0
008 250425s9999 xx 000 0 und d
041 _aspa
082 _aIBM4381
245 0 _aEL PROBLEMA DEL DESEMBOLSO
250 _aS.E.
260 _aS.L.
260 _aSin Pais
_bS.E.
_c1900
942 _c01
010 _a10939
999 _c200989
_d200989